Qatar : 2012 Article IV Consultation.

Qatar's economy is driven by high oil and natural gas prices and production, and remains strong with robust nonhydrocarbon growth. Its government has now shifted its focus to economic diversification and growth in nonhydrocarbon sectors through targeted infrastructure investments. The Executive...

Täydet tiedot

Bibliografiset tiedot
Yhteisötekijä: International Monetary Fund. Middle East and Central Asia Dept
Aineistotyyppi: Aikakauslehti
Kieli:English
Julkaistu: Washington, D.C. : International Monetary Fund, 2013.
Sarja:IMF Staff Country Reports; Country Report ; No. 2013/014
Linkit:Full text available on IMF
LEADER 01684cas a2200241 a 4500
001 AALejournalIMF013307
008 230101c9999 xx r poo 0 0eng d
020 |c 5.00 USD 
020 |z 9781475570144 
022 |a 1934-7685 
040 |a BD-DhAAL  |c BD-DhAAL 
110 2 |a International Monetary Fund.  |b Middle East and Central Asia Dept. 
245 1 0 |a Qatar :   |b 2012 Article IV Consultation. 
264 1 |a Washington, D.C. :  |b International Monetary Fund,  |c 2013. 
300 |a 1 online resource (61 pages) 
490 1 |a IMF Staff Country Reports 
500 |a <strong>Off-Campus Access:</strong> No User ID or Password Required 
500 |a <strong>On-Campus Access:</strong> No User ID or Password Required 
506 |a Electronic access restricted to authorized BRAC University faculty, staff and students 
520 3 |a Qatar's economy is driven by high oil and natural gas prices and production, and remains strong with robust nonhydrocarbon growth. Its government has now shifted its focus to economic diversification and growth in nonhydrocarbon sectors through targeted infrastructure investments. The Executive Directors of the International Monetary Fund (IMF) noted the positive regional spillover effects of Qatar's high growth, public spending, and increased financial assistance. The adoption of a three-year budget framework to help shield government spending from revenue volatility and enable better use of resources is welcomed. 
538 |a Mode of access: Internet 
830 0 |a IMF Staff Country Reports; Country Report ;  |v No. 2013/014 
856 4 0 |z Full text available on IMF  |u http://elibrary.imf.org/view/journals/002/2013/014/002.2013.issue-014-en.xml  |z IMF e-Library